Γιατί ο πόνος στη ζωή μας;

Αποθηκεύτηκε σε:
Λεπτομέρειες βιβλιογραφικής εγγραφής
Κύριος συγγραφέας: Ζαχαρής, Λάμπρος
Μορφή: Βιβλίο
Γλώσσα:Greek
Δημοσίευση: Αθήναι : [χ.ό.], 1969
Έκδοση:2η έκδ.
Θέματα:
Ετικέτες: Προσθήκη ετικέτας
Δεν υπάρχουν, Καταχωρήστε ετικέτα πρώτοι!

MARC

LEADER 00000cam a2200000 i 4500
001 1/90720
008 080708s1969 gre d
035 |l 10098811 
040 |a GR-MY-UA  |b gre  |e aacr 
041 0 |a gre 
082 0 |a 248.86  |2 (22) 
100 1 |a Ζαχαρής, Λάμπρος. 
245 1 0 |a Γιατί ο πόνος στη ζωή μας; /  |c Λάμπρου Ζαχαρή ; με Πατριαρχικό γράμμα και προλογικό σημείωμα του καθηγητού του Πανεπιστημίου Αθηνών Β. Βέλλα 
250 |a 2η έκδ. 
260 |a Αθήναι :   |b [χ.ό.],   |c 1969 
300 |a 69 σ.;  |c 21 εκ. 
650 0 0 |a Pain  |x Religious aspects  |x Christianity. 
650 0 0 |a Death  |x Religious aspects  |x Christianity. 
650 0 0 |a Peace of mind  |x Religious aspects  |x Christianity. 
650 0 0 |a Suffering  |x Religious aspects  |x Christianity. 
852 |a INST  |b RHODES  |c AKA  |e 20080708  |h  248.86 ΖΑΧ  |p 005400027769  |q 005400027769  |t BK  |y 0 
901 |a BIBL4-2008-2 
909 |a Ρ  |b 150766 
970 |a ΚΟΖΑ  |b ΜΑΡΙΑ  |z 2008/07/08